00769nam a2200229 a 450000100100000000500170001000800410002702000150006804000250008308200150010810000320012324501610015526000300031630000210034650400320036770000260039970000290042570000280045470000310048204900090051399900170052200002594720200930024156.0110217s1997 ve a r 000 | spa d a9800010777 aDO-SdBNPbspacBNPHU aNNNbM379s1 aMartin, Alfred von ,95280710aVisiones de futuro :beconomía, educación y trabajo /ccoordinación Sergio Aranda ; Esther Gamus ... [et al.]; edición al cuidado Rosa Lucía Celi. aCaracas :bCENDES,c1997. a149 p. ;c23 cm. aBibliografía : p. 140-1411 aGamus, Esther,9528111 aLacabana, Miguel,9528121 aMercado, Alexis,9528131 aMata Mollejas, Luis952814 aBNGR c25439d25439